000 00488 a2200181 4500
005 20240314164157.0
008 240304b |||||||| |||| 00| 0 eng d
020 _a9788126519934
_cRs. 819.00
040 _aMAIN
082 _a006.3
_bG552A
100 _aGoel, Lavika
245 _aArtificial intelligence: Concept and applications
260 _bWiley India
_c2023
_aNew Delhi
300 _axxi, 755
650 _aArtificial Intelligence
650 _aComputer Science
942 _cBK
999 _c312696
_d312696